Normal view
MARC view
- Reliability Prediction of Electronic Equipment
Entry Topical Term
001 - CONTROL NUMBER
- control field: 2160
003 - CONTROL NUMBER IDENTIFIER
- control field: NUST
005 - DATE AND TIME OF LATEST TRANSACTION
- control field: 20170607122108.0
008 - FIXED-LENGTH DATA ELEMENTS
- fixed length control field: 170607|| aca||aabn | a|a d
040 ## - CATALOGING SOURCE
- Original cataloging agency: NUST
- Transcribing agency: NUST
150 ## - HEADING--TOPICAL TERM
- Topical term or geographic name entry element: Reliability Prediction of Electronic Equipment
670 ## - SOURCE DATA FOUND
- Source citation: Work cat.: (NUST)23543: Department of Defense 2150, Military Handbook Reliability Predication of Electronic Equipment, 2 Jan 1990
